000 00786nam a2200253Ia 4500
003 OSt
005 20220918171735.0
006 a|||||r|||| 00| 0
007 ta
008 220917b |||||||| |||| 00| 0 eng d
020 _a9788173048463 (hbk)
_c850
024 _a242,743
037 _b83, 18/08/2010, Om Book Distributors
_cTextual
040 _aARTS
_cARTS
_beng
041 _2eng
_aeng
082 _aX.49G'P1, Q0
100 _aYong Tan Tai Ed.
_930643
245 0 _aSouth Asia
_b Societies in political and economic transition
260 _aNew Delhi
_bMahohar Publishers India
_c2010
300 _a517p.
_ccm.
650 _aECONOMICS
942 _hX.49G'P1, Q0
_cTEXL
_2CC
999 _c141181
_d141181